000 00973nam0a2200277 4500
001 RU\NLR\bibl\209445
005 20250619100313.0
010 _a5-7581-0175-4
_91000
035 _a(NLR Aleph) 000205673
090 _a1192900
_c1192900
100 _a20011204d1999 |||y0rusy50 ca
101 0 _arus
102 _aRU
105 _ay |||||||||
200 1 _aЗа нами придут корабли...
210 _aМагадан
_cКн. изд-во
_d1999
215 _a215 c.
_d26
606 0 _aРепрессии политические
_yСССР
_z1930 - 1950-ые гг.
_92450076
_3RU\NLR\auth\661456794
606 0 _aЖертвы политических репрессий
_xРеабилитация
_yРоссийская Федерация
_92138283
_3RU\NLR\auth\661289130
686 _aТ3(2)7-3
702 1 _aАбрамов
_bС. В.
_4340
801 0 _aRU
_bNLR
_c20011204
_gPSBO
801 1 _aRU
_bNLR
_c20011204
942 _cBOOK
980 _aNB